Pollution Control in Chemical and Allide Industries / (Record no. 564894)

000 -LEADER
fixed length control field 00403nam a2200133Ia 4500
008 - FIXED-LENGTH DATA ELEMENTS--GENERAL INFORMATION
fixed length control field 210430s9999 xx 000 0 und d
020 ## - INTERNATIONAL STANDARD BOOK NUMBER
International Standard Book Number 8123918305
082 ## - DEWEY DECIMAL CLASSIFICATION NUMBER
Classification number 660.028 H2331 P
100 ## - MAIN ENTRY--PERSONAL NAME
Personal name N .Hanley, SC Bhatia
9 (RLIN) 127603
245 ## - TITLE STATEMENT
Title Pollution Control in Chemical and Allide Industries /
Statement of responsibility, etc. N .Hanley
260 ## - PUBLICATION, DISTRIBUTION, ETC.
Place of publication, distribution, etc. New Delhi
Name of publisher, distributor, etc. CBS Publishers &Distributors
Date of publication, distribution, etc. 2010
300 ## - PHYSICAL DESCRIPTION
Extent 630 p
942 ## - ADDED ENTRY ELEMENTS (KOHA)
Koha item type Book
Source of classification or shelving scheme
Holdings
Withdrawn status Lost status Damaged status Not for loan Collection code Permanent Location Current Location Shelving location Date acquired Total Checkouts Full call number Barcode Date last seen Price effective from Koha item type
          School of Chemical & Materials Engineering (SCME) School of Chemical & Materials Engineering (SCME) General Stacks     660.028 H2331 P SCME-4169 04/30/2021 04/30/2021 Book
© 2023 Central Library, National University of Sciences and Technology. All Rights Reserved.